000 01103nam a22002177a 4500
999 _c8352
_d8352
003 AR-CdUCM
008 190325b ||||| |||| 00| 0 spa d
040 _aMUNICIPALIDAD PROVINCIAL DEL CUSCO
_cBIBLIOTECA MUNICIPAL DEL CUSCO
082 _a628 /
_bB261
100 _aBarnes, George E.
_923450
245 _aTratamiento de Aguas Negras y desechos residuales /
260 _aMéxico :
_bUnion Tipografica Editorial Hispano Americana ,
_c1967.
300 _a211+11 páginas ;
_c17.5 cm.
_eFiguras.
440 _aManuales Uteha
_n337
_923451
505 _aContenido : Material de Fondo -- La Materia Prima para tratar -- Desarrollo y clasificacion de los metodos de tratamiento -- Equipo y maquinaria para el tratamiento previo -- Tratamiento primerio -- Tratamiento secundario y completo -- Subproductos del tratamiento de las agias negras y su acondicionamiento y disposicion -- Tratamiento por medio de lagunas de estabilizacion...
650 _aIngenieria Ambiental
_923452
650 _aIngenieria Sanitaria
_923453
650 _aSaneamiento Industrial
_923454
942 _2ddc
_cLIBROS
945 _artm